Euro 2020: Vrai ou Faux? - Statistiques

Statistiques générales
  • Ce quiz a été pris 699 fois
    565 depuis la dernière actualisation
  • Le résultat moyen est 6 sur 12
Statistiques - réponses
Question Réponse % Correct
Le Portugal est arrivé en tête de leur groupe Faux
68%
Finlande a battu Danemark en phase de groupes Vrai
63%
2 joueurs gallois ont reçu un carton rouge Vrai
58%
Un fan anglais a pointé un laser sur Schmeichel Vrai
58%
Italie vs Turquie a été le premier match de l'Euro Vrai
53%
L'Italie bat l'Espagne en quarts de finale Faux
47%
Lukaku a marqué le seul but contre le Portugal Faux
47%
Les demi-finales se sont jouées à Londres Vrai
47%
Espagne vs Croatie est entré en pénalités Faux
42%
Il y a eu un total de 8 buts contre son camp Faux
42%
Danemark vs République tchèque est entré en pénalités Faux
42%
Pologne a battu la Slovaquie Faux
37%
Aucun quiz correspondant
Distribution des résultats
% des personnes avec chaque résultat
Percentile par nombre de réponses
Votre historique - résultats
Vous n’avez pas pris ce quiz depuis la dernière actualisation